| 000 | 00719nam a2200241 a 4500 | ||
|---|---|---|---|
| 001 | 56878 | ||
| 003 | BD-RjUL | ||
| 005 | 20211209080438.0 | ||
| 008 | 161204s2003 enka|||| |||| 001 0 eng d | ||
| 020 | _a1904292119 | ||
| 035 | _a(BD-RjUL)57002 | ||
| 040 |
_aBD-RjUL _beng _cBD-RjUL _dBD-RjUL |
||
| 041 | _aeng | ||
| 082 |
_223 _a294.3 _bECU 2003 |
||
| 100 |
_aEckel, Malcolm David. _9169095 |
||
| 245 |
_aUnderstanding Buddhism : _borigins, beliefs, practices, holy texts, sacred places / _cMalcolm David Eckel. |
||
| 260 |
_aLondon : _bDucan Baird Publishers, _cc2003 |
||
| 300 |
_a112 p. : _bill. ; _c20 cm. |
||
| 500 | _aIncludes index | ||
| 650 |
_aBuddhism. _9169096 |
||
| 942 |
_2ddc _cBK |
||
| 999 |
_c56878 _d56878 |
||